00553nam a22001812 4500001001100000005001700011008004100028020002800069040001500097050002100112100003500133245006400168250001200232260003900244300001600283650003600299700003600335000000433920151217145804.0070522s xx 000 0 eng d a0534404995 :cGBP 41.99 aKABUcKABU 0aQA297b.B87 20051 aBurden, Richard L.@000015484510aNumerical analysis /cRichard L. Burden, J. Douglas Faires. a8th ed. aLondon :bThomson Learning,c2005. axiv, 847 p. 0aNumerical analysis.@00001548121 aFaires, J. Douglas.@0000154846